Movies Quiz

Random Movies or Disney Quiz
Score 0/16 Timer 04:00
0 Plays Today
Hint Answer % Correct
Name any of the seven dwarfs.???
80.6%
TRUE OR FALSE: Olaf does not melt in Summer.???
79%
Which princess does Aladdin help????
79%
Does Elsa qualify as an official Disney princess????
74.2%
What is the name of the land prince that Ariel falls for????
71%
What is Rapunzel's chameleon called????
69.4%
Who is the stripy tiger in A.A. Milne's books and Disney's films????
60.3%
What does Mulan say her name is when she joins the army????
55.2%
Hint Answer % Correct
What is the name of Elsa's giant snowguard????
50.4%
Which group of singers narrate 'Hercules'????
46%
Which robot is programmed to heal the sick and poorly????
38.5%
What was the first ever animation to feature Mickey Mouse????
37.3%
What does BNL stand for????
15.5%
What is the name of the purple high-tech car in 'Cars 2'????
15.1%
What are the furry balls of fluff called on the site 'Club Penguin'????
13.1%
Which glitch's code was removed from 'Sugar Rush'????
5.6%
Remove Ads.
Support Sporcle.
Get the best of Sporcle when you Go Orange. This ad-free experience offers more features, more stats, and more fun while also helping to support Sporcle. Thank you for becoming a member.

You're not logged in!

Compare scores with friends on all Sporcle quizzes.
OR
Log In

Show Comments

Extras

Top Quizzes Today


Score Distribution

Your Account Isn't Verified!

In order to create a playlist on Sporcle, you need to verify the email address you used during registration. Go to your Sporcle Settings to finish the process.

Report this User

Report this user for behavior that violates our Community Guidelines.

Details: